Größte Städte in Oberbayern - Statistiken

Allgemein
  • Dieses Quiz wurde 399 mal gespielt
  • Das Durchschnittsergebnis liegt bei 11 aus 20
Antwortstatistiken
Einwohner Kreis Stadt % Korrekt
1.484.226 kreisfrei München
100%
63.551 kreisfrei Rosenheim
91%
137.392 kreisfrei Ingolstadt
86%
47.721 Dachau Dachau
77%
49.126 Freising Freising
71%
27.215 Garmisch-Partenkirchen Garmisch-Partenkirchen
71%
36.437 Erding Erding
70%
37.004 Fürstenfeldbruck Fürstenfeldbruck
70%
23.488 Starnberg Starnberg
64%
40.399 Fürstenfeldbruck Germering
48%
26.124 Pfaffenhofen an der Ilm Pfaffenhofen an der Ilm
48%
25.285 München Unterhaching
48%
29.228 Landsberg am Lech Landsberg am Lech
47%
22.571 Weilheim-Schongau Weilheim in Oberbayern
45%
28.950 München Unterschleißheim
36%
27.985 Fürstenfeldbruck Olching
35%
25.438 Bad Tölz-Wolfratshausen Geretsried
30%
29.793 Neuburg-Schrobenhausen Neuburg an der Donau
29%
24.404 Ebersberg Vaterstetten
25%
23.392 Mühldorf am Inn Waldkraiburg
22%
Keine übereinstimmenden Quizze gefunden
Verteilung der Resultate
Anzahl Personen mit jedem Resultat
Perzentil nach korrekt beantworteten Fragen
Ihre Resultats-Entwicklung
Sie haben dieses Quiz noch nicht gespielt